| 000 | 00464nam a2200169Ia 4500 | ||
|---|---|---|---|
| 999 |
_c27998 _d27998 |
||
| 003 | OSt | ||
| 005 | 20201127100712.0 | ||
| 008 | 190216s9999||||xx |||||||||||||| ||und|| | ||
| 040 | _coclc | ||
| 082 |
_a894.8123 _bEKA/T |
||
| 100 |
_aEkalavyan _96951 |
||
| 245 | 0 |
_aTrench / _cEkalavyan |
|
| 260 |
_bD C Books Kerala, _c1989. _aKottayam: |
||
| 300 | _a236p | ||
| 650 | _aMalayalam Novel | ||
| 942 |
_cBK _2ddc _h894.8123 _iEKA/T _k894.8123 _mEKA/T |
||